00389nam a2200109Ia 4500008004100000082001500041100001400056245009300070942000600163952009700169999001300266240331s9999 xx 000 0 und d a294.5bTAN aTanaka, M 0aPatros,devotees and goddesses :britual and power among the tamil fisherman of Sri lanka cL 001040708LaWERCLbWERCLcSSCd2024-03-31l0o 294.5 TANp2725r2024-03-31w2024-03-31yL c950d950